[Event "Lichtenberger Sommer 2017"]
[Site "Berlin"]
[Date "2017.08.24"]
[Round "6.47"]
[White "Hahlbohm, Matthias"]
[Black "Dellert, Lena"]
[Result "1-0"]
[WhiteElo "2106"]
[BlackElo "1851"]
[PlyCount "175"]
[EventDate "2017.??.??"]
[WhiteTeam "TSG Oberschöneweide"]
[BlackTeam "SF Wadgassen"]

1. e4 e5 2. Nf3 Nc6 3. Bc4 Nf6 4. d3 Bc5 5. Be3 Bb6 6. Bxb6 axb6 7. a3 d6 8. h3
O-O 9. O-O Ne7 10. Nc3 Ng6 11. Kh2 Nf4 12. Ne2 N6h5 13. Ng3 Nf6 14. d4 exd4 15.
Qxd4 Be6 16. Bd3 Nxd3 17. cxd3 c5 18. Qc3 d5 19. Ne5 d4 20. Qc2 Qc7 21. f4 b5
22. Rac1 Rac8 23. Qf2 Rfd8 24. Ne2 b6 25. Kh1 Bb3 26. Nf3 Qb7 27. f5 Ba4 28.
Nd2 b4 29. axb4 Bb5 30. Nc4 Re8 31. bxc5 bxc5 32. Nf4 Bxc4 33. Rxc4 Qa6 34.
Rfc1 Nd7 35. Qe2 Qd6 36. Qf1 Ne5 37. R4c2 Rc6 38. Nd5 f6 39. Rd2 Nf7 40. Nf4
Ne5 41. Ne6 Nd7 42. Rdc2 Rec8 43. Qf3 Nf8 44. Nxf8 Kxf8 45. Rc4 g6 46. fxg6
hxg6 47. Qd1 Kg7 48. Qc2 Rb6 49. b4 Qg3 50. Rxc5 Rcb8 51. Rc7+ Kh6 52. Rc4 Rxb4
53. Qd2+ Qe3 54. Qxe3+ dxe3 55. Rxb4 Rxb4 56. Re1 Rb2 57. Rxe3 Rd2 58. Rf3 Kg5
59. Kh2 f5 60. exf5 gxf5 61. Kg3 f4+ 62. Rxf4 Rxd3+ 63. Rf3 Rd4 64. Ra3 Rb4 65.
Ra5+ Kg6 66. h4 Rb3+ 67. Kg4 Rb4+ 68. Kh3 Rb3+ 69. g3 Rb4 70. Ra6+ Kh7 71. h5
Rb3 72. Kh4 Rb1 73. g4 Rb4 74. h6 Rc4 75. Kh5 Rb4 76. Ra7+ Kh8 77. g5 Rb5 78.
Re7 Kg8 79. Kg6 Rb6+ 80. Kf5 Rb5+ 81. Re5 Rb1 82. Kf6 Rf1+ 83. Kg6 Rf8 84. Kh5
Rf1 85. Ra5 Rb1 86. Ra8+ Kf7 87. g6+ Kf6 88. g7 1-0

[Event "Lichtenberger Sommer 2017"]
[Site "Berlin"]
[Date "2017.08.24"]
[Round "6.48"]
[White "Plaza Reino, Agustin"]
[Black "Ritter, Uwe"]
[Result "0-1"]
[WhiteElo "1963"]
[BlackElo "1953"]
[PlyCount "104"]
[EventDate "2017.??.??"]
[WhiteTeam "Enniscorthy Chess Club"]
[BlackTeam "Reideburger SV"]

1. e4 e6 2. d4 d5 3. Nd2 dxe4 4. Nxe4 Bd7 5. Nf3 Bc6 6. Bd3 Be7 7. O-O Nd7 8.
Re1 Ngf6 9. Bg5 Nxe4 10. Bxe7 Nxf2 11. Kxf2 Qxe7 12. Ne5 Nxe5 13. dxe5 O-O-O
14. Qg4 h5 15. Qf4 Qc5+ 16. Qe3 Qxe3+ 17. Rxe3 Rd7 18. Kg1 Rhd8 19. Rf1 a6 20.
Kf2 Bb5 21. Ke2 Bxd3+ 22. cxd3 Rf8 23. Kd2 Kd8 24. Rg3 f5 25. exf6 gxf6 26. Rg6
Ke7 27. Rc1 Rf7 28. Rc5 Rh7 29. Rc4 e5 30. Rc1 e4 31. Re1 Rxd3+ 32. Kc2 f5 33.
Rd1 Rxd1 34. Kxd1 Kf7 35. Rg3 Rg7 36. Rc3 c6 37. g3 Ke6 38. Ke2 h4 39. Kf2
hxg3+ 40. hxg3 Rd7 41. Ke2 Ke5 42. Rc5+ Rd5 43. Rc3 Kd4 44. Rb3 Rb5 45. Rxb5
axb5 46. Kd2 e3+ 47. Ke2 Ke4 48. a3 c5 49. b3 b6 50. a4 bxa4 51. bxa4 c4 52. a5
bxa5 0-1

[Event "Lichtenberger Sommer 2017"]
[Site "Berlin"]
[Date "2017.08.24"]
[Round "6.49"]
[White "Deutschbein, Christopher"]
[Black "Korell, Klaus-Peter"]
[Result "1-0"]
[WhiteElo "2019"]
[BlackElo "1852"]
[PlyCount "73"]
[EventDate "2017.??.??"]
[WhiteTeam "Eckernförder SC"]
[BlackTeam "SG TT/Wiheil"]

1. c4 Nf6 2. g3 e6 3. Bg2 d5 4. Nf3 Be7 5. O-O O-O 6. Ne5 Nbd7 7. Nxd7 Qxd7 8.
cxd5 exd5 9. d4 c6 10. Nc3 Qc7 11. Bd2 Be6 12. e3 Nd7 13. Rc1 Nb6 14. b3 Qd7
15. a4 Bg4 16. Ne2 Bf5 17. h4 Nc8 18. Nf4 Bd6 19. Ne2 Re8 20. b4 Nb6 21. Qc2
Nc4 22. Be1 a6 23. Bf3 Re7 24. Nc3 b5 25. a5 Rae8 26. Nb1 Nxe3 27. fxe3 Rxe3
28. Qd1 Bd3 29. Bf2 Be2 30. Bxe2 Rxe2 31. Nc3 R2e6 32. Rb1 Qe7 33. Re1 Bxb4 34.
Rxe6 fxe6 35. Ne2 Bxa5 36. Qc2 Qd7 37. Ra1 1-0

[Event "Lichtenberger Sommer 2017"]
[Site "Berlin"]
[Date "2017.08.24"]
[Round "6.50"]
[White "Schmalzried, Volker"]
[Black "Shapiro, Yosip"]
[Result "0-1"]
[WhiteElo "1858"]
[BlackElo "2098"]
[PlyCount "88"]
[EventDate "2017.??.??"]
[WhiteTeam "vereinslos"]
[BlackTeam "SV Berolina Mitte"]

1. c4 Nf6 2. Nc3 e6 3. d4 d5 4. cxd5 exd5 5. Nf3 Bb4 6. a3 Bxc3+ 7. bxc3 c5 8.
g3 Qa5 9. Bd2 Ne4 10. Qb3 c4 11. Qb2 O-O 12. Bg2 Nd7 13. O-O Ndf6 14. Qb4 Qd8
15. Bg5 Re8 16. Bxf6 Nxf6 17. e3 Ne4 18. Qb2 Re6 19. Nd2 Nf6 20. Rfe1 Qe8 21.
Qb1 Bd7 22. e4 Bc6 23. exd5 Nxd5 24. Rxe6 Qxe6 25. Qc2 Nf6 26. Bxc6 Qxc6 27.
Re1 b5 28. Ne4 Nd7 29. Ng5 g6 30. Qe4 Qxe4 31. Rxe4 Nf6 32. Re5 a6 33. Ne4 Nd7
34. Rd5 Nb6 35. Rd6 Na4 36. Nf6+ Kg7 37. Nd5 a5 38. Nb6 Ra6 39. Nxc4 Rxd6 40.
Nxd6 Nxc3 41. f3 Ne2+ 42. Kf2 Nxd4 43. a4 bxa4 44. Nc4 Nc2 0-1

[Event "Lichtenberger Sommer 2017"]
[Site "Berlin"]
[Date "2017.08.24"]
[Round "6.51"]
[White "Kievelitz, Bernd"]
[Black "Kretzschmar, Jan"]
[Result "1/2-1/2"]
[WhiteElo "1889"]
[BlackElo "1819"]
[PlyCount "84"]
[EventDate "2017.??.??"]
[WhiteTeam "SC Zitadelle Spandau"]
[BlackTeam "SC Kreuzberg"]

1. Nf3 d5 2. d4 Nf6 3. c4 e6 4. Nc3 Be7 5. Bf4 O-O 6. e3 c6 7. Rc1 Nbd7 8. Bd3
Re8 9. O-O Nh5 10. Bxh7+ Kxh7 11. Ng5+ Bxg5 12. Qxh5+ Bh6 13. Bxh6 gxh6 14.
Qxf7+ Kh8 15. f4 Re7 16. Qg6 Qf8 17. f5 Qg7 18. Qxg7+ Kxg7 19. fxe6 Nf6 20.
cxd5 cxd5 21. Rxf6 Kxf6 22. Nxd5+ Kxe6 23. Nxe7 Kxe7 24. Rc7+ Kf6 25. a3 a5 26.
Rh7 Kg6 27. Rh8 Kg7 28. Rd8 a4 29. Kf2 b5 30. e4 Kf7 31. e5 Ke7 32. Rh8 Ke6 33.
Rxh6+ Kd5 34. Rd6+ Kc4 35. e6 Bb7 36. e7 Re8 37. Rd7 Bd5 38. g4 Kxd4 39. h4 Kc5
40. Ra7 Kd6 41. g5 Rxe7 42. Rxe7 Kxe7 1/2-1/2

[Event "Lichtenberger Sommer 2017"]
[Site "Berlin"]
[Date "2017.08.24"]
[Round "6.52"]
[White "Wimmer, Thomas"]
[Black "Acikel, Mert"]
[Result "0-1"]
[WhiteElo "1878"]
[BlackElo "1914"]
[PlyCount "88"]
[EventDate "2017.??.??"]
[WhiteTeam "SK Marburg"]
[BlackTeam "SK König Tegel"]

1. d4 d5 2. c4 e6 3. Nc3 Nf6 4. cxd5 exd5 5. Bg5 Be7 6. e3 c6 7. Qc2 O-O 8. Bd3
Nbd7 9. Nge2 Re8 10. O-O Nf8 11. f3 Be6 12. Kh1 Rc8 13. a4 Ng6 14. Rad1 Nd7 15.
Bf4 a6 16. Bg3 Bh4 17. Bf4 b5 18. Bf5 Bxf5 19. Qxf5 Nxf4 20. exf4 Nb6 21. b3
Re3 22. g4 g6 23. Qc2 Bf6 24. g5 Bg7 25. h4 c5 26. dxc5 Rxc5 27. Rd3 Qe7 28.
Qd2 Rxd3 29. Qxd3 Qc7 30. Nd1 Qd7 31. Kh2 Nc8 32. Nd4 Bxd4 33. Qxd4 Rc2+ 34.
Kg3 Ne7 35. Ne3 Re2 36. Qc5 Rxe3 37. Kf2 Re6 38. h5 Rc6 39. Qd4 Nf5 40. Qe5
Qa7+ 41. Kg2 Re6 42. Qc3 Ne3+ 43. Kh1 Qd7 44. h6 d4 0-1

[Event "Lichtenberger Sommer 2017"]
[Site "Berlin"]
[Date "2017.08.24"]
[Round "6.53"]
[White "Jecht, Christian"]
[Black "Mayer, Herbert"]
[Result "1-0"]
[WhiteElo "1903"]
[BlackElo "1867"]
[PlyCount "58"]
[EventDate "2017.??.??"]
[WhiteTeam "SC Bavaria Regensb."]
[BlackTeam "SC Rochade (Berlin)"]

1. e4 c5 2. Nf3 a6 3. d4 cxd4 4. Nxd4 Nf6 5. Nc3 e5 6. Nb3 Bb4 7. Bd2 d5 8.
exd5 Bxc3 9. Bxc3 O-O 10. d6 Ne4 11. Ba5 Qf6 12. Qf3 Bf5 13. g4 Bg6 14. Qxf6
Nxf6 15. g5 Nfd7 16. Bg2 e4 17. O-O-O b6 18. Bc3 f5 19. gxf6 Nxf6 20. Bd4 Nbd7
21. Bh3 Ra7 22. Na5 Bh5 23. Rd2 Bg4 24. Bxg4 Nxg4 25. Rg1 Nge5 26. Nc6 Nxc6 27.
Rxg7+ Kh8 28. Rxd7+ Kg8 29. Rxa7 Nxa7 1-0

[Event "Lichtenberger Sommer 2017"]
[Site "Berlin"]
[Date "2017.08.24"]
[Round "6.54"]
[White "Bender, Sebastian"]
[Black "Badestein, Hartmut"]
[Result "1-0"]
[WhiteElo "1876"]
[BlackElo "2046"]
[PlyCount "57"]
[EventDate "2017.??.??"]
[WhiteTeam "SC Zugzwang 95 (Berlin)"]
[BlackTeam "SC Friesen Lichtenberg"]

1. e4 c5 2. c3 e6 3. d4 d5 4. Nd2 Nc6 5. Ngf3 cxd4 6. cxd4 dxe4 7. Nxe4 Nf6 8.
Nc3 Be7 9. Bd3 Bd7 10. O-O Nb4 11. Bb1 Bc6 12. Ne5 Bd5 13. a3 Nc6 14. Re1 Na5
15. Nxd5 Qxd5 16. Ba2 Qd6 17. Nxf7 Kxf7 18. Rxe6 Qxe6 19. Bxe6+ Kxe6 20. Qe1+
Kf7 21. Qxa5 Rhd8 22. Be3 b6 23. Qf5 Rd5 24. Qf3 Rc8 25. g4 h6 26. h4 g5 27.
hxg5 hxg5 28. Kf1 Rc2 29. Bxg5 1-0

[Event "Lichtenberger Sommer 2017"]
[Site "Berlin"]
[Date "2017.08.24"]
[Round "6.55"]
[White "Jansen, Robert"]
[Black "Fuchs, Dominik"]
[Result "0-1"]
[WhiteElo "1783"]
[BlackElo "1865"]
[PlyCount "58"]
[EventDate "2017.??.??"]
[WhiteTeam "SC Kreuzberg"]
[BlackTeam "SC Zitadelle Spandau"]

1. d4 Nf6 2. c4 e6 3. Nc3 Bb4 4. Qc2 O-O 5. e4 d5 6. e5 Ne4 7. Bd3 c5 8. a3
Bxc3+ 9. bxc3 cxd4 10. Ne2 dxc3 11. f3 Nc5 12. Bxh7+ Kh8 13. O-O d4 14. Bd3 Nc6
15. f4 f5 16. exf6 Qxf6 17. Rf3 Nxd3 18. Qxd3 g6 19. Rg3 Kh7 20. a4 e5 21. Ba3
Bf5 22. Rh3+ Bxh3 23. Qxh3+ Kg7 24. Bxf8+ Rxf8 25. g3 e4 26. Rb1 Rf7 27. Rc1 d3
28. Nxc3 d2 29. Rc2 Qxc3 0-1

[Event "Lichtenberger Sommer 2017"]
[Site "Berlin"]
[Date "2017.08.24"]
[Round "6.56"]
[White "Schubert, Joachim"]
[Black "Zesewitz, Martin"]
[Result "0-1"]
[WhiteElo "1893"]
[BlackElo "1875"]
[PlyCount "56"]
[EventDate "2017.??.??"]
[WhiteTeam "SC Friesen Lichtenberg"]
[BlackTeam "SF Friedrichshagen"]

1. e4 c6 2. d4 d5 3. Nc3 dxe4 4. Nxe4 Bf5 5. Ng3 Bg6 6. Nf3 Nd7 7. Bc4 e6 8.
O-O Ngf6 9. Re1 Be7 10. c3 Qc7 11. Bd2 Nb6 12. Bb3 O-O-O 13. Qc1 Nbd5 14. Ne5
Bd6 15. f4 Kb8 16. c4 Nb4 17. Qc3 c5 18. dxc5 Bxc5+ 19. Be3 Nd3 20. Re2 Nxf4
21. Rf2 Nd3 22. Nxg6 Bxe3 23. Nxh8 Bxf2+ 24. Kf1 Bxg3 25. hxg3 Qxg3 26. Qd2 Ng4
27. Bc2 Nh2+ 28. Ke2 Qf2+ 0-1

[Event "Lichtenberger Sommer 2017"]
[Site "Berlin"]
[Date "2017.08.24"]
[Round "6.57"]
[White "Landt, Stefan"]
[Black "Rehmsmeier, Marc"]
[Result "1-0"]
[WhiteElo "1913"]
[BlackElo "1698"]
[PlyCount "147"]
[EventDate "2017.??.??"]
[WhiteTeam "SV Berolina Mitte"]
[BlackTeam "vereinslos"]

1. d4 d5 2. c4 e6 3. Nf3 Nf6 4. Nc3 Be7 5. b3 O-O 6. e3 c5 7. dxc5 Bxc5 8. cxd5
Bb4 9. Bd2 Qa5 10. Qc1 Nxd5 11. Nxd5 exd5 12. Be2 Nc6 13. O-O Bxd2 14. Qxd2
Qxd2 15. Nxd2 d4 16. e4 d3 17. Bd1 f5 18. exf5 Bxf5 19. Bf3 Rfe8 20. Rfe1 Kf8
21. Kf1 Red8 22. Rac1 Re8 23. Rxe8+ Rxe8 24. Bxc6 bxc6 25. Re1 Rd8 26. Re5 Bc8
27. Ke1 Kf7 28. Ne4 g6 29. Kd2 Bf5 30. Nc5 Rd4 31. Re3 Rh4 32. h3 Rf4 33. f3
Rd4 34. Nxd3 Kf6 35. Kc3 Rd7 36. f4 h5 37. Nf2 Rd5 38. g4 Rc5+ 39. Kd2 Rc2+ 40.
Ke1 hxg4 41. hxg4 Rc1+ 42. Ke2 Bb1 43. a3 a6 44. Ne4+ Bxe4 45. Rxe4 Rc2+ 46.
Kf3 c5 47. Rc4 Rh2 48. Rxc5 Rh3+ 49. Ke4 Rxb3 50. Rc6+ Kf7 51. Rxa6 Rb1 52. Ra4
Ke6 53. f5+ gxf5+ 54. gxf5+ Kf6 55. Ra6+ Kf7 56. a4 Rb2 57. Ke5 Re2+ 58. Kd5
Rd2+ 59. Ke4 Rd1 60. f6 Re1+ 61. Kd5 Rd1+ 62. Kc5 Rb1 63. Rb6 Rc1+ 64. Kb5 Rb1+
65. Ka6 Ra1 66. a5 Ra2 67. Rc6 Rb2 68. Ka7 Ra2 69. a6 Rb2 70. Rb6 Rh2 71. Kb7
Kg6 72. a7 Rh7+ 73. Ka6 Rh8 74. Rb8 1-0

[Event "Lichtenberger Sommer 2017"]
[Site "Berlin"]
[Date "2017.08.24"]
[Round "6.58"]
[White "Schmidt, David"]
[Black "Baumgaertner, Andre"]
[Result "1-0"]
[WhiteElo "1917"]
[BlackElo "1652"]
[PlyCount "89"]
[EventDate "2017.??.??"]
[WhiteTeam "Empor Potsdam"]
[BlackTeam "SC Friesen Lichtenberg"]

1. d4 d5 2. Bf4 Nf6 3. e3 e6 4. Nd2 Nbd7 5. Bd3 c5 6. c3 b6 7. Ngf3 Bb7 8. Ne5
a6 9. Qe2 c4 10. Bc2 Be7 11. h3 Nxe5 12. dxe5 Ne4 13. Nf3 f6 14. Rd1 Nc5 15. b4
Nd7 16. Nd4 Nf8 17. O-O fxe5 18. Bxe5 Bf6 19. f4 Qd7 20. a4 Bxe5 21. Qh5+ g6
22. Qxe5 Rg8 23. f5 gxf5 24. Bxf5 Qg7 25. Qxg7 Rxg7 26. Bxe6 Re7 27. Rf6 Nxe6
28. Rxe6 Rxe6 29. Nxe6 Ke7 30. Nd4 Rf8 31. Rf1 Rg8 32. Rf3 Rg6 33. Kf2 Bc8 34.
Rg3 Bd7 35. Rxg6 hxg6 36. b5 axb5 37. axb5 Kd6 38. Kf3 Ke5 39. h4 Kf6 40. Kf4
Be8 41. g4 Bf7 42. g5+ Ke7 43. Ke5 Kd7 44. Nc6 Be6 45. Nb4 1-0

[Event "Lichtenberger Sommer 2017"]
[Site "Berlin"]
[Date "2017.08.24"]
[Round "6.59"]
[White "Prix, Siegfried"]
[Black "Schmidt, Jürgen"]
[Result "1/2-1/2"]
[WhiteElo "1746"]
[BlackElo "1952"]
[PlyCount "29"]
[EventDate "2017.??.??"]
[WhiteTeam "SF 1903 Berlin"]
[BlackTeam "SC Kreuzberg"]

1. e4 e5 2. Nf3 Nc6 3. d4 exd4 4. Nxd4 Nf6 5. Nc3 Bb4 6. Nxc6 bxc6 7. Bd3 d5 8.
exd5 cxd5 9. O-O O-O 10. Bg5 c6 11. Qf3 Be7 12. Rae1 h6 13. Bxh6 gxh6 14. Qe3
Kg7 15. Qxe7 1/2-1/2

[Event "Lichtenberger Sommer 2017"]
[Site "Berlin"]
[Date "2017.08.24"]
[Round "6.60"]
[White "Kurzweil, Thomas"]
[Black "Papenhagen, Walter"]
[Result "1-0"]
[WhiteElo "1918"]
[BlackElo "1584"]
[PlyCount "33"]
[EventDate "2017.??.??"]
[WhiteTeam "Spgem Kötz/Ichenhausen"]
[BlackTeam "SF Friedrichshagen"]

1. d4 d5 2. c4 Nf6 3. Nc3 e6 4. Bg5 Be7 5. e3 Nbd7 6. Qc2 h6 7. Bf4 a6 8. Rc1
c5 9. Nf3 dxc4 10. dxc5 Nxc5 11. Bxc4 b5 12. Be2 O-O 13. O-O Bb7 14. Rfd1 Qb6
15. Ne5 Rac8 16. a3 Nh5 17. Bxh5 1-0

[Event "Lichtenberger Sommer 2017"]
[Site "Berlin"]
[Date "2017.08.24"]
[Round "6.61"]
[White "Matthes, Aaron"]
[Black "Bandlow, Matthias"]
[Result "0-1"]
[WhiteElo "1736"]
[BlackElo "1945"]
[PlyCount "130"]
[EventDate "2017.??.??"]
[WhiteTeam "SC Oranienburg"]
[BlackTeam "Borussia Friedrichsfelde"]

1. d4 d5 2. c4 e6 3. Nc3 Nf6 4. cxd5 exd5 5. Bg5 Be7 6. e3 c6 7. Bd3 O-O 8. Qc2
Nbd7 9. Nf3 Re8 10. O-O h6 11. Bh4 Ne4 12. Bxe7 Qxe7 13. b4 Ndf6 14. Rab1 Nxc3
15. Qxc3 Ne4 16. Qc2 Bd7 17. Ne5 Nd6 18. a4 Rac8 19. Qa2 Bf5 20. Bxf5 Nxf5 21.
b5 c5 22. Nf3 c4 23. Qc2 Nd6 24. Ne5 Qg5 25. b6 a6 26. Rfc1 Re6 27. Qe2 Rce8
28. Qf3 f6 29. Nd7 Ne4 30. Rc2 Rd6 31. Nc5 Nxc5 32. dxc5 Rc6 33. Rd1 Rxc5 34.
Qh3 f5 35. Qf3 Qg4 36. Qxg4 fxg4 37. Kf1 Rd8 38. Rd4 h5 39. e4 Kf7 40. exd5 Rd6
41. Rf4+ Rf6 42. Rcxc4 Rxc4 43. Rxc4 Rxb6 44. Ke2 Kf6 45. Rd4 Ke5 46. Kd3 Rb3+
47. Kc4 Ra3 48. Rd2 Rxa4+ 49. Kb3 Rf4 50. d6 Rf8 51. Kc4 Rc8+ 52. Kb4 Rd8 53.
Kc5 Rc8+ 54. Kb6 Rc6+ 55. Kxb7 Rxd6 56. Ra2 Ke4 57. Ra5 g6 58. Ra2 Rf6 59. Kc7
Kd3 60. Kd7 a5 61. Ke7 Ra6 62. f3 gxf3 63. Ra3+ Kc4 64. Rxf3 a4 65. Rf8 a3 0-1

[Event "Lichtenberger Sommer 2017"]
[Site "Berlin"]
[Date "2017.08.24"]
[Round "6.62"]
[White "Völler, Lothar"]
[Black "Silz, Elisa"]
[Result "1/2-1/2"]
[WhiteElo "1714"]
[BlackElo "2023"]
[PlyCount "69"]
[EventDate "2017.??.??"]
[WhiteTeam "FS Dortmund"]
[BlackTeam "SV Empor Berlin"]

1. c4 Nf6 2. Nc3 g6 3. g3 Bg7 4. Bg2 O-O 5. e3 d6 6. Nge2 e5 7. O-O c6 8. d4
Nbd7 9. Rb1 a5 10. b3 Re8 11. Ba3 Bf8 12. dxe5 dxe5 13. Bxf8 Nxf8 14. Qxd8 Rxd8
15. Rfd1 Bg4 16. f3 Bf5 17. e4 Bd7 18. Rd2 Be8 19. Rbd1 Rxd2 20. Rxd2 N6d7 21.
Kf2 f6 22. Na4 Kf7 23. Bh3 Ke7 24. Nec3 b6 25. Bxd7 Nxd7 26. Ke3 Rb8 27. f4 Bf7
28. h4 h5 29. Nb2 Rg8 30. Ne2 exf4+ 31. gxf4 g5 32. fxg5 fxg5 33. Nd4 Ne5 34.
Nf5+ Ke8 35. hxg5 1/2-1/2

[Event "Lichtenberger Sommer 2017"]
[Site "Berlin"]
[Date "2017.08.24"]
[Round "6.63"]
[White "Schauties, Nico Antonio"]
[Black "Kötz, Andreas"]
[Result "1/2-1/2"]
[WhiteElo "1690"]
[BlackElo "1997"]
[PlyCount "90"]
[EventDate "2017.??.??"]
[WhiteTeam "SV Mattnetz Berlin"]
[BlackTeam "SC Zitadelle Spandau"]

1. c4 g6 2. g3 Bg7 3. Bg2 c5 4. Nc3 Nc6 5. e3 e6 6. Nge2 Nge7 7. O-O O-O 8. d4
cxd4 9. exd4 d5 10. cxd5 Nxd5 11. Nxd5 exd5 12. b3 Bg4 13. f3 Be6 14. Bb2 Qb6
15. Qd2 Rac8 16. Rfd1 a5 17. Rac1 Nb4 18. a3 Nc6 19. b4 Rfe8 20. Bc3 axb4 21.
axb4 Na7 22. b5 Qxb5 23. Ra1 Bf5 24. Nf4 Nc6 25. g4 g5 26. gxf5 gxf4 27. Qxf4
f6 28. Bf1 Qb6 29. Ra2 Qc7 30. Qh4 Kh8 31. Kh1 Ne7 32. Rc1 Qd7 33. Rg2 Qxf5 34.
Bb5 Rg8 35. Ba4 Ng6 36. Qf2 Qf4 37. Rc2 f5 38. Bd7 Rxc3 39. Rxc3 Bxd4 40. Qc2
Bxc3 41. Qxc3+ Qe5 42. Qxe5+ Nxe5 43. Bxf5 Nxf3 44. Rxg8+ Kxg8 45. Be6+ Kg7
1/2-1/2

[Event "Lichtenberger Sommer 2017"]
[Site "Berlin"]
[Date "2017.08.24"]
[Round "6.64"]
[White "Gebert-Vangeel, Ralf"]
[Black "Scholta, Danilo"]
[Result "1-0"]
[WhiteElo "2060"]
[BlackElo "1793"]
[PlyCount "63"]
[EventDate "2017.??.??"]
[WhiteTeam "TSV Mariendorf"]
[BlackTeam "SV Empor Berlin"]

1. e4 d5 2. exd5 Qxd5 3. Nc3 Qa5 4. d4 c6 5. Nf3 Bf5 6. Be2 Nf6 7. O-O e6 8.
Ne5 Bd6 9. Bf4 Qc7 10. a3 O-O 11. Bf3 Nbd7 12. Re1 Rad8 13. Qe2 Rde8 14. g4 Bg6
15. Bg3 h6 16. Na4 Bxe5 17. dxe5 Nd5 18. c4 Ne7 19. b4 Bh7 20. Rad1 Rd8 21. Nc3
Nb6 22. Be4 Ng6 23. c5 Rxd1 24. Rxd1 Nd5 25. Bxd5 cxd5 26. Nb5 Qb8 27. Nd6 Ne7
28. Qb5 b6 29. Qd7 Nc8 30. c6 Nxd6 31. exd6 Qc8 32. Qxc8 1-0

[Event "Lichtenberger Sommer 2017"]
[Site "Berlin"]
[Date "2017.08.24"]
[Round "6.65"]
[White "Lange, Cecilia"]
[Black "Karyah, Thomas"]
[Result "1-0"]
[WhiteElo "1886"]
[BlackElo "1664"]
[PlyCount "87"]
[EventDate "2017.??.??"]
[WhiteTeam "TSG Oberschöneweide"]
[BlackTeam "SC Zugzwang 95 (Berlin)"]

1. e4 d6 2. d4 Nf6 3. Nc3 g6 4. Nf3 Bg4 5. h3 Bxf3 6. Qxf3 c6 7. a4 Bg7 8. Be3
Nbd7 9. Bc4 a6 10. a5 e5 11. Bb3 Qe7 12. O-O O-O 13. Rfe1 Kh8 14. d5 c5 15. Bc4
Rac8 16. Reb1 Nh5 17. b4 f5 18. b5 fxe4 19. Qxe4 Nf4 20. Ra4 Nf6 21. Qf3 N6h5
22. bxa6 bxa6 23. Bxa6 Rcd8 24. Rb7 Rd7 25. Rxd7 Qxd7 26. Qg4 Qf7 27. Bc4 Nf6
28. Qf3 g5 29. Ne4 Qd7 30. Ra3 N6xd5 31. Nxg5 Nb4 32. Bb3 h6 33. Ne4 d5 34.
Nxc5 Qb5 35. Qg4 d4 36. Bxf4 Rxf4 37. Qe6 Rf8 38. Nd7 Rd8 39. Nf6 Qb7 40. Qf5
Bf8 41. Qxe5 Bd6 42. Qe4 Qg7 43. Ne8 Bb8 44. Nxg7 1-0

[Event "Lichtenberger Sommer 2017"]
[Site "Berlin"]
[Date "2017.08.24"]
[Round "6.66"]
[White "Kohlmeyer, Dagobert"]
[Black "Willich, Manfred"]
[Result "1/2-1/2"]
[WhiteElo "1888"]
[BlackElo "1961"]
[PlyCount "82"]
[EventDate "2017.??.??"]
[WhiteTeam "SC Rochade (Berlin)"]
[BlackTeam "SK Turm Bad Hersfeld"]

1. e4 c5 2. Nf3 e6 3. d4 cxd4 4. Nxd4 a6 5. Be2 Nf6 6. Nc3 Qc7 7. O-O Nc6 8.
Nxc6 dxc6 9. Be3 e5 10. f3 Be7 11. Na4 Nd7 12. c4 b6 13. a3 O-O 14. Qe1 Rb8 15.
Rc1 Qb7 16. Qf2 b5 17. cxb5 axb5 18. Nc5 Nxc5 19. Bxc5 Bxc5 20. Qxc5 Bd7 21.
Qxe5 b4 22. Rfd1 Be6 23. Qc5 bxa3 24. bxa3 Rfc8 25. h3 h6 26. Rd4 Ra8 27. Rb4
Qc7 28. Rb6 Rxa3 29. Rxc6 Qxc6 30. Qxc6 Rxc6 31. Rxc6 Ra2 32. Ba6 g6 33. Kh2
Kg7 34. h4 h5 35. Kg3 Rb2 36. Rc5 Kf6 37. Bd3 Rd2 38. e5+ Ke7 39. Be4 Rb2 40.
Bc2 Rb4 41. Kf2 Rxh4 1/2-1/2

[Event "Lichtenberger Sommer 2017"]
[Site "Berlin"]
[Date "2017.08.24"]
[Round "6.67"]
[White "Oginski, Ulrich"]
[Black "Fock, Amina"]
[Result "1-0"]
[WhiteElo "1882"]
[BlackElo "1587"]
[PlyCount "87"]
[EventDate "2017.??.??"]
[WhiteTeam "SC Weisse Dame (Berlin)"]
[BlackTeam "SC Zugzwang 95 (Berlin)"]

1. d4 d5 2. c4 e6 3. Nc3 Nf6 4. cxd5 exd5 5. Bg5 c6 6. e3 Nbd7 7. Bd3 h6 8. Bh4
Bd6 9. Qc2 Qc7 10. Nge2 O-O 11. Bg3 Re8 12. O-O Nf8 13. Nb5 cxb5 14. Qxc7 Bxc7
15. Bxc7 a6 16. h3 Ne6 17. Be5 Nd7 18. Bg3 Nb6 19. b3 Bd7 20. Rac1 Rec8 21.
Rxc8+ Rxc8 22. Rc1 Rxc1+ 23. Nxc1 g6 24. Be2 Ng7 25. Nd3 Nf5 26. Bc7 Nc8 27. g4
Nfd6 28. Nf4 Bc6 29. f3 b6 30. Kf2 a5 31. Ke1 Kg7 32. Kd2 g5 33. Nh5+ Kg6 34.
Bd3+ f5 35. Ng3 Bd7 36. Bxd6 Nxd6 37. Nxf5 Nxf5 38. gxf5+ Bxf5 39. Bxf5+ Kxf5
40. Kd3 h5 41. e4+ dxe4+ 42. fxe4+ Ke6 43. Ke3 b4 44. Kf3 1-0

[Event "Lichtenberger Sommer 2017"]
[Site "Berlin"]
[Date "2017.08.24"]
[Round "6.68"]
[White "Klühs, Gustaf"]
[Black "Lischeid, Kilian"]
[Result "0-1"]
[WhiteElo "1680"]
[BlackElo "1719"]
[PlyCount "82"]
[EventDate "2017.??.??"]
[WhiteTeam "Borussia Friedrichsfelde"]
[BlackTeam "SF Friedrichshagen"]

1. b4 d5 2. Bb2 Nf6 3. Nf3 Bf5 4. d3 e6 5. a3 c5 6. bxc5 Bxc5 7. d4 Bd6 8. e3
Qc7 9. Bd3 Ne4 10. h3 Nd7 11. Nbd2 Rc8 12. Nh4 Nxf2 13. Kxf2 Bg3+ 14. Ke2 Bxh4
15. Bxf5 exf5 16. Rc1 O-O 17. c4 Qa5 18. Nf3 Bg3 19. Qb3 dxc4 20. Rxc4 Qa6 21.
Rhc1 Nb6 22. Nd2 Nxc4 23. Nxc4 Qc6 24. Kf1 Rfe8 25. Ne5 Qa6+ 26. Kg1 Rxc1+ 27.
Bxc1 Bxe5 28. dxe5 Rxe5 29. Bb2 Re6 30. Qc3 f6 31. Kf2 Qc6 32. Qb3 Kf7 33. Bd4
a6 34. a4 b5 35. axb5 axb5 36. Qa3 Qc4 37. Bc5 Rc6 38. Qa7+ Kg6 39. Bf8 Rc7 40.
Qa3 f4 41. Bd6 fxe3+ 0-1

[Event "Lichtenberger Sommer 2017"]
[Site "Berlin"]
[Date "2017.08.24"]
[Round "6.69"]
[White "Dittrich, Hans-Georg"]
[Black "Muskewitz, Bernd"]
[Result "0-1"]
[WhiteElo "1742"]
[BlackElo "1923"]
[PlyCount "58"]
[EventDate "2017.??.??"]
[WhiteTeam "SG Stadtilm"]
[BlackTeam "SV Mattnetz Berlin"]

1. e4 c5 2. Nf3 e6 3. d4 cxd4 4. Nxd4 a6 5. Nc3 Qc7 6. Bd3 Nf6 7. O-O Nc6 8.
Be3 b5 9. Kh1 Bb7 10. f4 b4 11. Nce2 Nxd4 12. Bxd4 Nxe4 13. Qe1 Bc5 14. Bxc5
Qxc5 15. Qh4 f5 16. Qh5+ g6 17. Qh4 Qe7 18. Qe1 O-O 19. Nd4 a5 20. Rd1 Rfc8 21.
Nf3 Nc5 22. Be2 Ba6 23. Nd4 Bxe2 24. Qxe2 Ne4 25. Nf3 Ra7 26. Ne5 Rac7 27. Qa6
d6 28. Nd3 Rb8 29. Qxa5 Ra7 0-1

[Event "Lichtenberger Sommer 2017"]
[Site "Berlin"]
[Date "2017.08.24"]
[Round "6.70"]
[White "Ho, Ngoc Hai-Dang"]
[Black "Plaza Reino, Mercedes"]
[Result "0-1"]
[WhiteElo "1499"]
[BlackElo "1824"]
[PlyCount "48"]
[EventDate "2017.??.??"]
[WhiteTeam "SF Friedrichshagen"]
[BlackTeam "Enniscorthy Chess Club"]

1. e4 c5 2. Nf3 e6 3. d4 cxd4 4. Nxd4 a6 5. Nc3 Qc7 6. Be3 Bb4 7. Qd3 Nf6 8. f3
d5 9. Bd2 dxe4 10. Nxe4 Bxd2+ 11. Kxd2 Nd5 12. g3 Nd7 13. Qc4 Qa5+ 14. c3 O-O
15. Qb3 b5 16. Bg2 Ne5 17. Bf1 Bb7 18. Be2 Rfd8 19. a4 b4 20. c4 Nb6 21. Ke3
Rac8 22. Rhc1 Bxe4 23. fxe4 Qc5 24. Rd1 Nc6 0-1

[Event "Lichtenberger Sommer 2017"]
[Site "Berlin"]
[Date "2017.08.24"]
[Round "6.71"]
[White "Weber, Gerald"]
[Black "Jeß, Arne"]
[Result "0-1"]
[WhiteElo "1761"]
[BlackElo "1862"]
[PlyCount "60"]
[EventDate "2017.??.??"]
[WhiteTeam "SSV Rotation Berlin"]
[BlackTeam "TSG Fredersdorf/Vogelsdorf"]

1. c4 e5 2. g3 c6 3. Nc3 d5 4. cxd5 cxd5 5. Qb3 Nf6 6. Bg2 Nc6 7. a3 Nd4 8. Qd1
Be6 9. e3 Nc6 10. Nge2 d4 11. exd4 exd4 12. Ne4 Be7 13. d3 O-O 14. O-O Qb6 15.
Nxf6+ Bxf6 16. Nf4 Rfe8 17. Nxe6 Rxe6 18. b3 Rae8 19. Be4 Na5 20. b4 Nc6 21.
Bf4 a6 22. Rc1 g6 23. Bd5 R6e7 24. Qf3 Ne5 25. Qd1 Bg7 26. Kg2 Qb5 27. Rc5 Qxd3
28. Bg5 Rd7 29. Re1 Qxd1 30. Rxd1 b6 0-1